Programa para la recuperación y protección del cóndor andino en Colombia (Registro nro. 8882)
[ vista simple ]
| 000 -CABECERA | |
|---|---|
| Campo de control | 00768 a2200181 4500 |
| 005 - FECHA Y HORA DE LA ULTIMA TRANSACCION | |
| Campo de control | 20151124101229.0 |
| 008 - ELEMENTOS DE LONGITUD FIJA—INFORMACION GENERAL | |
| Campo de control | 141212b xxu||||| |||| 00| 0 spa d |
| 040 ## - FUENTE DE CATALOGACIÓN | |
| Agencia transcriptora | CO-BoIH |
| Agencia catalogadora original | CO-BoIAVH |
| 041 ## - IDIOMA | |
| Código de idioma para texto/pista de sonido o título separado | Español |
| 044 ## - PAÍS DE PUBLICACIÓN | |
| País de publicación | Colombia |
| 082 ## - NUMERO DE CLASIFICACION DECIMAL DEWEY | |
| Número de clasificación | IAVH |
| Número del ítem | 00059 |
| 100 ## - ASIENTO PRINCIPAL--NOMBRE PERSONAL | |
| Nombre personal | Gómez Bernal , Luis Germán |
| 245 ## - MENCION DE TITULO | |
| Título | Programa para la recuperación y protección del cóndor andino en Colombia |
| Parte restante del título | Artículos de Prensa |
| 260 ## - PUBLICACION, DISTRIBUCION, ETC. (PIE DE IMPRENTA) | |
| Lugar de publicación, distribución, etc. | Bogotá |
| Nombre del editor, distribuidor, etc. | Instituto Alexander von Humbol |
| -- | Conservación Internacional |
| Fecha de publicación, distribución, etc. | 1997 |
| 300 ## - DESCRIPCION FISICA | |
| Extensión | 42 p. |
| 773 0# - Item fuente: | |
| Asiento principal | GOm̤ez Bernal , Luis Germaǹ |
| Lugar, editorial y fecha de publicación | Bogotá Instituto Alexander von Humboldt Conservacin̤ Internacional Fundacin̤ Biocolombia 1997 |
| Título | Programa para la recuperación̤ y protección̤ del con̤dor andino en Colombia |
| 942 ## - ELEMENTOS ADICIONALES (KOHA) | |
| Sistema de clasificación | Local |
| Tipo de ítem | Informe Técnico |
| Withdrawn status | Lost status | Sistema de Clasificación | Damaged status | No para préstamo | Colección | Inventariado | Ubicación Permanente | Ubicación actual | Fecha de adquisición | Total Checkouts | Número topográfico | Inventario / Código de Barras | Date last seen | Ejemplar | Price effective from | Forma de adquisición | Tipo de material |
|---|---|---|---|---|---|---|---|---|---|---|---|---|---|---|---|---|---|
| Local | Humboldt | Inventariado 2017 | Bogotá | Bogotá | 12/12/2014 | IAVH 00059 | 015275 | 09/08/2024 | Anexos | 12/12/2014 | Institucional | Informe Técnico |